000 01024nam a22002537a 4500
999 _c13325
_d13325
003 MIRAKIL
005 20190619153627.0
008 190619b tu ||||| |||| 00| 0 tur d
020 _a9786053994282
040 _aTRAn-CHP
_cTRAn-CHP
082 _a150.195
_bR67r 2015
100 1 _aRosenfeld, David.
245 1 0 _aRuh, zihin ve psikanalist:
_bpsikotik yönleri olan hastalarla psikanalitik çerçevenin yaratılması/
_cDavid Rosenfeld; çeviren Sevil Uzunoğlu.
246 3 0 _aPsikotik yönleri olan hastalarla psikanalitik çerçevenin yaratılması.
260 _aİstanbul:
_bİstanbul Bilgi Üniversitesi Yayınları,
_c2015.
300 _axix, 241 s.:
_bçiz.;
_c23 sm.
490 1 _aİstanbul Bilgi Üniversitesi Yayınları;
_v539.
_aPsike İstanbul Psikanaliz Kitaplığı, Şimdi ve Burada;
_v6.
504 _aKaynakça ve dizin vardır.
650 0 _aPsikanaliz
_95678
_xuygulama
650 0 _aPsikoterapi
_95837
650 0 _aPsikozlar
_95838
_xtedavi
700 1 _aUzunoğlu, Sevil.
_eçev.
942 _2ddc
_cBKS